| 000 | 00483 a2200157 4500 | ||
|---|---|---|---|
| 999 |
_c1746 _d1746 |
||
| 020 | _a9781853964268 | ||
| 050 | _aLA 302 M6L43 | ||
| 100 |
_aMcCormick, Robert _eEditor |
||
| 245 |
_aLearning and knowledge / _cRobert McCormick and Carrie Paechter |
||
| 264 |
_aLondon: _bPaul Chapman Publishing, _c1999 |
||
| 300 |
_axiv, 254p. : _bill. |
||
| 500 | _aIncludes index | ||
| 650 |
_aEducation _xLearning--Knowledge |
||
| 700 |
_aPaechter, Carrie _eEditor |
||
| 942 |
_2lcc _cBK _h302 _iMCC _kLA |
||